<?xml version="1.0" encoding="UTF-8"?><marc:collection xmlns:marc="http://www.loc.gov/MARC21/slim">
  <marc:record>
    <marc:leader>00000nas  2200000za 4500</marc:leader>
    <marc:controlfield tag="001">9.502560</marc:controlfield>
    <marc:controlfield tag="003">CaOODSP</marc:controlfield>
    <marc:controlfield tag="005">20240212092456</marc:controlfield>
    <marc:controlfield tag="007">cr |||||||||||</marc:controlfield>
    <marc:controlfield tag="008">150406c20009999onc x p o    f0   b0fre|d</marc:controlfield>
    <marc:datafield tag="022" ind1=" " ind2=" ">
      <marc:subfield code="a">1701-8765</marc:subfield>
    </marc:datafield>
    <marc:datafield tag="040" ind1=" " ind2=" ">
      <marc:subfield code="a">CaOODSP</marc:subfield>
      <marc:subfield code="b">fre</marc:subfield>
    </marc:datafield>
    <marc:datafield tag="043" ind1=" " ind2=" ">
      <marc:subfield code="a">n-cn---</marc:subfield>
    </marc:datafield>
    <marc:datafield tag="086" ind1="1" ind2=" ">
      <marc:subfield code="a">IN3-16/1F-PDF</marc:subfield>
    </marc:datafield>
    <marc:datafield tag="130" ind1="0" ind2=" ">
      <marc:subfield code="a">Rapport actuariel ... au ... sur le Régime de pensions du Canada (En ligne)</marc:subfield>
    </marc:datafield>
    <marc:datafield tag="210" ind1="0" ind2=" ">
      <marc:subfield code="a">Rapp. actuar. Régime pensions Can.</marc:subfield>
    </marc:datafield>
    <marc:datafield tag="222" ind1=" " ind2="0">
      <marc:subfield code="a">Rapport actuariel ... sur le Régime de pensions du Canada</marc:subfield>
    </marc:datafield>
    <marc:datafield tag="245" ind1="1" ind2="0">
      <marc:subfield code="a">Rapport actuariel ... au ... sur le Régime de pensions du Canada </marc:subfield>
      <marc:subfield code="h">[ressource électronique].</marc:subfield>
    </marc:datafield>
    <marc:datafield tag="246" ind1="1" ind2="3">
      <marc:subfield code="a">Rapport actuariel sur le Régime de pensions du Canada au ...</marc:subfield>
    </marc:datafield>
    <marc:datafield tag="260" ind1=" " ind2=" ">
      <marc:subfield code="a">Ottawa : </marc:subfield>
      <marc:subfield code="b">Bureau de l'actuaire en chef, </marc:subfield>
      <marc:subfield code="c">[2001]-</marc:subfield>
    </marc:datafield>
    <marc:datafield tag="310" ind1=" " ind2=" ">
      <marc:subfield code="a">Irrégulier</marc:subfield>
    </marc:datafield>
    <marc:datafield tag="362" ind1="0" ind2=" ">
      <marc:subfield code="a">18e (31 déc. 2000)-</marc:subfield>
    </marc:datafield>
    <marc:datafield tag="500" ind1=" " ind2=" ">
      <marc:subfield code="a">La numérotation des livraisons en alternance avec celles de: « Rapport actuariel modifiant le rapport actuariel du Régime de pensions du Canada au ... » (voir numero de cat. IN3-16/1-1F-PDF).</marc:subfield>
    </marc:datafield>
    <marc:datafield tag="500" ind1=" " ind2=" ">
      <marc:subfield code="a">Publ. aussi en anglais sous le titre : Actuarial report ... on the Canada Pension Plan as at ...</marc:subfield>
    </marc:datafield>
    <marc:datafield tag="520" ind1=" " ind2=" ">
      <marc:subfield code="a">Le but est de renseigner les cotisants et les bénéficiaires sur la situation financière actuelle et projetée. Présente des renseignements qui visent à évaluer la viabilité financière du Régime sur une longue période, en supposant que les dispositions de la Loi ne seront pas modifiées. Ces renseignements doivent également permettre de mieux comprendre la situation financière du Régime et les facteurs qui influencent les coûts, contribuant ainsi à susciter un débat public éclairé sur les enjeux relatifs à l’aspect financier du Régime.</marc:subfield>
    </marc:datafield>
    <marc:datafield tag="691" ind1="0" ind2="7">
      <marc:subfield code="a">Pension publique</marc:subfield>
      <marc:subfield code="2">gcpds</marc:subfield>
    </marc:datafield>
    <marc:datafield tag="710" ind1="1" ind2=" ">
      <marc:subfield code="a">Canada. </marc:subfield>
      <marc:subfield code="b">Bureau du surintendant des institutions financières Canada. </marc:subfield>
      <marc:subfield code="b">Bureau de l'actuaire en chef.</marc:subfield>
    </marc:datafield>
    <marc:datafield tag="775" ind1="0" ind2="8">
      <marc:subfield code="t">Actuarial report ... on the Canada Pension Plan as at ... </marc:subfield>
      <marc:subfield code="w">(CaOODSP)9.506158</marc:subfield>
    </marc:datafield>
    <marc:datafield tag="776" ind1="0" ind2="#">
      <marc:subfield code="t">Rapport actuariel du Régime de pensions du Canada </marc:subfield>
      <marc:subfield code="w">(CaOODSP)9.514048</marc:subfield>
    </marc:datafield>
    <marc:datafield tag="780" ind1="0" ind2="0">
      <marc:subfield code="t">Régime de pensions du Canada, ... rapport actuariel au ... </marc:subfield>
      <marc:subfield code="w">(CaOODSP)9.503238</marc:subfield>
    </marc:datafield>
    <marc:datafield tag="787" ind1="0" ind2=" ">
      <marc:subfield code="t">Rapport actuariel modifiant le rapport actuariel du Régime de pensions du Canada au … </marc:subfield>
      <marc:subfield code="w">9.503239</marc:subfield>
    </marc:datafield>
  </marc:record>
</marc:collection>
